Ignacio Díaz Morales /

Guardat en:
Dades bibliogràfiques
Autor principal: Díaz Morales, Ignacio (arquitecto)
Altres autors: García Oropeza, Guillermo (texto) (texto), Gómez Barbosa, Alberto (fotógrafo) (fotógrafo)
Format: Llibre
Idioma:espanyol
Publicat: Guadalajara, México : Universidad de Guadalajara, 1982, c1982
Matèries:
Etiquetes: Afegir etiqueta
Sense etiquetes, Sigues el primer a etiquetar aquest registre!

MARC

LEADER 00000nam^a2200000^a^4500
001 000331884
005 20250526000000.0
009 20260310114046.54
037 |a Acervo ITESO - Biblioteca 
041 |a ESP 
082 |a 720. 972  |b DIA GAR 
100 |a Díaz Morales, Ignacio  |e (arquitecto) 
245 1 0 |a Ignacio Díaz Morales /  |c I. Díaz Morales ; texto de G. García Oropeza ; fotografía de A. Gómez Barbosa. 
264 4 |a Guadalajara, México :  |b Universidad de Guadalajara,  |c 1982, c1982 
300 |a 42, (46) p. ;  |c 23.0 cm. 
336 |a texto  |b txt  |2 rdacontenido 
337 |a sin mediación  |b n  |2 rdamedio 
338 |a volumen  |b nc  |2 rdasoporte 
649 |a XX 
650 |a Arquitectos Jaliscienses 
650 |a Arquitectos Mexicanos 
650 |a Artistas Jaliscienses 
650 |a Artistas Mexicanos 
650 |a Arquitectura Regionalista -  |x Historia y Crítica 
650 |a Arquitectura Moderna -  |x Historia y Crítica 
650 |a Arquitectura Jalisciense -  |x Historia y Crítica 
650 |a Arquitectura Jalisciense -  |y Siglo XX 
650 |a Arquitectura Mexicana -  |x Historia y Crítica 
650 |a Arquitectura Mexicana -  |y Siglo XX 
650 |a Arte Moderno -  |x Historia y Crítica 
650 |a Arte Jalisciense -  |x Historia y Crítica 
650 |a Arte Jalisciense -  |y Siglo XX 
650 |a Arte Mexicano -  |x Historia y Crítica 
650 |a Arte Mexicano -  |y Siglo XX 
650 |a Díaz Morales, Ignacio -  |x Tema Principal 
700 |a García Oropeza, Guillermo  |e (texto) 
700 |a Gómez Barbosa, Alberto  |e (fotógrafo) 
910 |a Fondo Ignacio Díaz Morales 
920 |a Impresos - Libros 
930 |a Libros Antiguos y Raros 
940 |a Arquitectos Jaliscienses 
905 |a 108 
901 |a 0500221282  |b IT2  |c LRA  |i D59595  |u 20250526 
902 |a https://opac.biblio.iteso.mx/vufind/Record/000331884